| 000 | 00594nam a2200193 i 4500 | ||
|---|---|---|---|
| 001 | 80600 | ||
| 003 | ES-MaACL | ||
| 005 | 20230906174242.0 | ||
| 007 | t| | ||
| 008 | 041028s1972 sp ||||1| spa d | ||
| 100 | 1 |
_aHoffman, Kenneth. _963945 |
|
| 245 | 1 | 0 |
_aAlgebra lineal / _cKenneth Hoffman, Ray Kunze ; traducción y adaptación Hugo Finsterbusch. |
| 260 |
_aMadrid : _bPrentice-Hall, _c[1972] |
||
| 300 |
_aXIII, 400 p. ; _c24 cm. |
||
| 650 | 4 |
_aÁlgebra lineal. _9155319 |
|
| 700 | 1 |
_aKunze, Ray. _969041 |
|
| 700 | 1 |
_aFinsterbusch, Hugo. _950927 |
|
| 852 |
_aES-MaACL _jE-7635 _bR.92059 |
||
| 999 |
_c80600 _d80600 |
||